Noches áticas

Saved in:
Bibliografiske detaljer
Hovedforfatter: Gelio, Aulo (autor)
Format: Bog
Sprog:spansk
Udgivet: Madrid Viuda de Hernando 1893
Serier:Biblioteca Clásica, 169
Fag:
Tags: Tilføj Tag
Ingen Tags, Vær først til at tagge denne postø!

MARC

LEADER 00000nam a2200000 a 4500
001 UCP8940
003 CL-VaPUC
008 000317e18930000SP |||||||||||||||||spa|d
082 0 4 |a 875  |b GEL  |2 21 
100 |a Gelio, Aulo  |e autor  |9 517282 
245 1 0 |a Noches áticas 
300 |a v 
942 |c BK 
945 |d 20000317 00:00:00  |a crobeson 
260 |a Madrid  |b Viuda de Hernando  |c 1893 
650 0 |a Oratoria latina  |9 266621 
650 0 |a Literatura latina   |9 258055 
650 0 |a Derecho romano  |9 255930 
650 0 |a Lógica  |9 256849 
650 0 |a Historia política  |9 256974 
650 0 |a Historia natural   |9 268584 
583 |a last modification  |c 20000317 00:00:00  |k Rodrigo Vera 
490 0 |a Biblioteca Clásica, 169 
999 |c 285796  |d 285794 
952 |0 0  |1 0  |4 0  |6 875_000000000000000_GEL_1893  |7 0  |8 X  |9 330580  |a BIBHIS  |b BIBHIS  |d 2019-11-20  |h v.1  |i 1396013  |o 875 GEL 1893  |p 1396013  |r 2024-01-30  |w 2019-11-20  |y BK_X  |k HIS 
952 |0 0  |1 0  |4 0  |6 875_000000000000000_GEL_1893  |7 0  |8 X  |9 330581  |a BIBHIS  |b BIBHIS  |d 2019-11-20  |h v.2  |i 1396021  |o 875 GEL 1893  |p 1396021  |r 2024-01-30  |w 2019-11-20  |y BK_X  |k HIS